[Event "Nova Gorica op-B 13th"]
[Site "Nova Gorica"]
[Date "2008.01.31"]
[Round "8"]
[White "Vrban, Rok"]
[Black "Skarabot, Danilo"]
[Result "1-0"]
[WhiteElo "1934"]
[BlackElo "1850"]
[PlyCount "101"]
[EventDate "2008.01.26"]
[EventType "swiss"]
[EventRounds "9"]
[EventCountry "SLO"]
[SourceTitle "EXT 2010"]
[Source "ChessBase"]
[SourceDate "2010.11.25"]
[SourceVersion "1"]
[SourceVersionDate "2010.11.25"]
[SourceQuality "1"]

1. e4 c5 2. Nf3 a6 3. d4 cxd4 4. Nxd4 e6 5. c4 Nf6 6. Nc3 d6 7. Be2 Be7 8. 0-0 Nbd7 9. Kh1 Nc5 10. f3 e5 11. Nc2 Be6 12. Ne3 Rc8 13. Ned5 Bxd5 14. Nxd5 Nxd5 15. Qxd5 Qc7 16. Be3 Ne6 17. g3 Qc6 18. Qd2 0-0 19. Rac1 f5 20. Qd5 Qxd5 21. cxd5 Nd4 22. Bd3 fxe4 23. Bxe4 Bf6 24. Kg2 g6 25. h4 Kg7 26. Rh1 Nf5 27. Bb6 h5 28. b4 Nd4 29. a4 Ne2 30. Rc7+ Rxc7 31. Bxc7 Be7 32. b5 axb5 33. axb5 Ra8 34. Kf2 Ra2 35. b6 Nf4+ 36. Kg1 Rg2+ 37. Kf1 Rxg3 38. Rh2 Nh3 39. Ke2 Nf4+ 40. Kd2 Rg2+ 41. Rxg2 Nxg2 42. Bd3 Nxh4 43. Ba6 Nf5 44. Bxb7 Bg5+ 45. Ke1 Be3 46. Bc8 h4 47. Bxf5 gxf5 48. b7 h3 49. Bxd6 h2 50. Bxe5+ Kf7 51. Bxh2 1-0

[Event "Nova Gorica op-B 13th"]
[Site "Nova Gorica"]
[Date "2008.01.27"]
[Round "3"]
[White "Sambo, Pietro"]
[Black "Skarabot, Danilo"]
[Result "0-1"]
[WhiteElo "1661"]
[BlackElo "1850"]
[PlyCount "87"]
[EventDate "2008.01.26"]
[EventType "swiss"]
[EventRounds "9"]
[EventCountry "SLO"]
[SourceTitle "EXT 2010"]
[Source "ChessBase"]
[SourceDate "2010.11.25"]
[SourceVersion "1"]
[SourceVersionDate "2010.11.25"]
[SourceQuality "1"]

1. e4 c5 2. Nf3 a6 3. Nc3 e6 4. d3 Nc6 5. g3 Nge7 6. Bg5 Nd4 7. Nxd4 cxd4 8. Ne2 Qb6 9. b3 Nc6 10. Bg2 Bb4+ 11. Bd2 d6 12. 0-0 Bxd2 13. Qxd2 e5 14. Kh1 0-0 15. f4 f5 16. exf5 Bxf5 17. Bd5+ Kh8 18. Rf2 Nb4 19. Be4 Bxe4+ 20. dxe4 Rac8 21. c4 a5 22. f5 Qc6 23. a3 Qxe4+ 24. Kg1 Nc6 25. Raf1 Rf6 26. Nc1 Rcf8 27. Qd3 Qxd3 28. Nxd3 e4 29. Nb2 e3 30. Rf4 g5 31. fxg6 Rxf4 32. Rxf4 Rxf4 33. gxf4 hxg6 34. Nd3 Kg7 35. Kg2 Kf6 36. Kf3 g5 37. h3 gxf4 38. Kxf4 Ne5 39. Nxe5 dxe5+ 40. Kf3 e4+ 41. Ke2 Kg5 42. b4 Kf4 43. c5 d3+ 44. Ke1 0-1